| 000 | 00798pam a2200241 a 4500 | ||
|---|---|---|---|
| 001 | 932542 | ||
| 005 | 20250208154113.0 | ||
| 008 | 830217s1983 nyua b 001 0 eng | ||
| 020 | _a0070574839 (pbk.) | ||
| 050 | 1 | 0 |
_aRC683.5.E5 _bS486 1983 |
| 082 | 0 | 0 |
_a616.1/207547 _219 |
| 100 | 1 | _aSilverman, Mark E. | |
| 245 | 1 | 0 |
_aElectrocardiography, basic concepts and clinical application / _cMark E. Silverman, Robert J. Myerburg, J. Willis Hurst. |
| 260 |
_aNew York : _bMcGraw-Hill, _cc1983. |
||
| 300 |
_axv, 349 p. : _bill. ; _c24 cm. |
||
| 500 | _aIncludes index. | ||
| 650 | 0 | _aElectrocardiography. | |
| 650 | 0 |
_aHeart _xDiseases _xDiagnosis. |
|
| 650 | 2 | _aElectrocardiography. | |
| 700 | 1 | _aMyerburg, Robert J. | |
| 700 | 1 |
_aHurst, J. Willis _q(John Willis), _d1920-2011. |
|
| 942 |
_2lcc _cBK _n0 |
||
| 999 |
_c3686 _d3686 |
||